000 00288nam a2200121Ia 4500
008 240731s9999 xx 000 0 und d
022 _a1747-5848
245 0 _aWomen's Writing
260 _bRoutledge
856 _uhttps://www.tandfonline.com/loi/rwow20
942 _2ddc
942 _cTFEJ
999 _c80302
_d80302
945 _a1
_bMadushi Gamage
_c1
_dMadushi Gamage